| 000 | 00755cam a22002417a 4500 | ||
|---|---|---|---|
| 003 | OSt | ||
| 005 | 20161122120234.0 | ||
| 008 | 161122s2016 spc ||| |||| 0|0 0 spa|d | ||
| 017 | _aDL B 17224-2016 | ||
| 020 | _a9788491161325 | ||
| 040 |
_bcat _cCDMR |
||
| 245 | 0 | 0 |
_a¿Cómo elaborar un plan de comunicación corporativa? _c/ Elisenda Estanyol (coord.) ; Elvira García, Ferran Lalueza |
| 260 |
_aBarcelona : _bEditorial UOC, _c2016 |
||
| 300 |
_a110 p. ; _c21 cm |
||
| 504 | _aBibliografia | ||
| 650 | 0 | 4 |
_aComunicació en l'empresa _92798 |
| 650 | 4 |
_aImatge corporativa _94288 |
|
| 700 | 1 |
_aEstanyol, Elisenda, _ecoord. |
|
| 700 | 1 | _aGarcía, Elvira | |
| 700 | 1 | _aLalueza, Ferran | |
| 710 | 2 | _aUniversitat Oberta de Catalunya | |
| 942 |
_2udc _cMON |
||
| 999 |
_c6973 _d6973 |
||